000 00806nam a2200229Ia 4500
001 8608
003 GE_BSU
008 181216s||||||||xx |||||||||||||| ||und||
040 _cGE_BSU
080 _a821.353.1-1
100 _aთედორაძე, დავით
245 _aერთტომეული: ლექსები
245 _cავთანდილ დიასამიძის წინასიტყვ.რედ.: ხათუნა თავდგირიძე; მხატვ. რედ: გურამ გუჯაბიძე.
260 _aბათუმი
260 _bგამ–ბა აჭარა
260 _c1999
300 _a304 გვ; 17 სმ.
300 _bილ.
541 _h8 ლ.
653 _aლექსები
942 _cBK
999 _c41924
_d41924